000
00296nam a22001337a 4500
008
210301b ||||| |||| 00| 0 eng d
020
_a
9781259819254
041
_a
eng
080
_2
3th
_a
159.9
100
_a
48
101
_a
PSI
245
_a
Experience Psychology
_c
King,A.L
942
_2
udc
_c
BK
999
_c
55309
_d
55309